Loading...
| Fine Arts - Classical Music | 0 | 2 | 0 | 1 | 20 | 95 | 101.50 | 0 | 0 | 0.00 | 0.00 |
| Religion | 0 | 2 | 0 | 0 | 20 | 58 | 83.00 | 0 | 0 | 0.00 | 0.00 |
| Science - Other | 0 | 2 | 0 | 0 | 20 | 54 | 65.50 | 0 | 1 | 0.00 | 0.00 |
| Literature - World | 0 | 1 | 0 | 0 | 10 | 93 | 93.00 | 0 | 0 | 0.00 | 0.00 |
| Philosophy | 0 | 1 | 0 | 1 | 10 | 87 | 87.00 | 0 | 1 | 0.00 | 0.00 |
| Social Science | 0 | 1 | 0 | 0 | 10 | 97 | 97.00 | 0 | 0 | 0.00 | 0.00 |
| Fine Arts - Other | 0 | 1 | 0 | 0 | 10 | 74 | 74.00 | 0 | 0 | 0.00 | 0.00 |
| History - World | 0 | 1 | 0 | 0 | 10 | 52 | 52.00 | 0 | 0 | 0.00 | 0.00 |
| Science - Biology | 0 | 1 | 0 | 0 | 10 | 32 | 32.00 | 0 | 1 | 0.00 | 0.00 |
| Science - Chemistry | 0 | 1 | 1 | 0 | 5 | 104 | 104.00 | 0 | 0 | 0.00 | 0.00 |
| Painting/Sculpture | 0 | 1 | 1 | 0 | 5 | 93 | 93.00 | 0 | 0 | 0.00 | 0.00 |
| History - American | 0 | 0 | 1 | 0 | -5 | 0.00 | 0 | 0 | 0.00 | 0.00 | |
| Literature - European | 0 | 0 | 1 | 0 | -5 | 0.00 | 0 | 0 | 0.00 | 0.00 |